Regiony Niemiec - Statystyki

Ogólne statystyki
  • Ten quiz został rozwiązany 230 razy
  • Średni wynik to 7 z 16
Statystyki odpowiedzi
Kraj Związkowy % Poprawnych
Bawaria
88%
Berlin
81%
Saksonia
80%
Hamburg
66%
Brandenburgia
53%
Brema
45%
Dolna Saksonia
45%
Hesja
39%
Saksonia-Anhalt
38%
Turyngia
34%
Szlezwik-Holsztyn
31%
Saara
29%
Nadrenia Północna-Westfalia
28%
Badenia-Wirtembergia
27%
Nadrenia-Palatynat
26%
Meklemburgia-Pomorze Przednie
25%
Nie znaleziono quizów pasujących do podanych kryteriów
Rozkład punktacji
Procent ludzi z każdym wynikiem
Percentyl według liczby udzielonych odpowiedzi
Twoja historia wyników
Nie rozwiązałeś tego quizu